000 01238nam a2200289 a 4500
001 000005415
003 DO-SdBNP
005 20231016115317.0
008 090819s1993 sp a 000 0 eng d
020 _a8400073487
040 _aDO-SdBNP
_bspa
_cBNPHU
082 _a691.2
110 2 _aActas del Workshop,
_d(1991 :
_cAvila)
_915367
245 1 0 _aAlteración de granitos y rocas afines, empleados como materiales de construcción /
_cAngeles Vicente Hernandez, Eloy Molina Ballesteros, Vicente Rives Arnau.
260 _aMadrid, :
_bConsejo Superior de Investigaciones Científicas,
_c1993.
300 _a190 p. :
_bil ;
_c24 cm.
590 _aInventariado, 2019/VM
650 4 _aContrucción de edificios históricos
_zEspaña
_vCongresos, conferencias, etc.
_915368
650 4 _aContrucción de monumentos
_zEspaña
_vCongresos, conferencias , etc.
_915369
650 4 _aGranitos
_vCongresos, conferencias, etc.
_915370
650 4 _aMateriales de contrucción
_vCongresos, conferencias, etc.
_915371
700 1 _aVicente Hernandez, Angeles
_eed.
_915372
700 1 _aMolina Ballesteros, Eloy
_eed.
_915373
700 1 _aRives Arnau, Vicente
_eed.
_915374
700 1 _aFernández Marcos, Natalio
_epról.
_915285
942 _2ddc
_cLBS1
999 _c5215
_d5215